| 000 | 00748nam a22002057a 4500 | ||
|---|---|---|---|
| 999 |
_c18545 _d18545 |
||
| 003 | AR-CdUCM | ||
| 008 | 190514b ||||| |||| 00| 0 spa d | ||
| 040 |
_aMUNICIPALIDAD PROVINCIAL DEL CUSCO _cBIBLIOTECA MUNICIPAL DEL CUSCO |
||
| 082 |
_a863.8 / _bV67 / 1947 |
||
| 100 |
_aVillegas, Antonio de _939193 |
||
| 245 |
_aNovelistas anteriores a cervantes : _bSegunda parte de la vida del picaro Guzman de Alfarache / |
||
| 260 |
_aBuenos Aires : _bPinguino _c1947 |
||
| 300 |
_a213 paginas ; _c20 cm. |
||
| 505 | _aContenido: Capitulo I -- Capitulo II -- Capitulo III -- Capitulo IV -- Capitulo V... | ||
| 650 |
_aNovelistas _939194 |
||
| 650 |
_aCervantes _910750 |
||
| 650 |
_aHistoria _9136 |
||
| 942 |
_2ddc _cLIBROS |
||
| 945 |
_apjha _d2019-05-14 |
||